Education of Children With Special Needs (Record no. 45738)

MARC details
000 -LEADER
fixed length control field 00462nam a22001817a 4500
008 - FIXED-LENGTH DATA ELEMENTS--GENERAL INFORMATION
fixed length control field 230224b ||||| |||| 00| 0 eng d
020 ## - INTERNATIONAL STANDARD BOOK NUMBER
International Standard Book Number 9788171415397
082 ## - DEWEY DECIMAL CLASSIFICATION NUMBER
Classification number 371.9
Item number REE
041 ## - LANGUAGE CODE
Language code of text/sound track or separate title eng
100 ## - MAIN ENTRY--PERSONAL NAME
Personal name Reddy G. Lokanadha
245 ## - TITLE STATEMENT
Title Education of Children With Special Needs
Statement of responsibility, etc. By G. Lokanadha Reddy
260 ## - PUBLICATION, DISTRIBUTION, ETC.
Place of publication, distribution, etc. Delhi
Name of publisher, distributor, etc. Discovery Pub.
Date of publication, distribution, etc. 2022
300 ## - PHYSICAL DESCRIPTION
Extent 247p.
650 ## - SUBJECT ADDED ENTRY--TOPICAL TERM
Topical term or geographic name entry element EDUCATION
700 ## - ADDED ENTRY--PERSONAL NAME
Personal name Ramar R.
700 ## - ADDED ENTRY--PERSONAL NAME
Personal name Kusuma A.
942 ## - ADDED ENTRY ELEMENTS (KOHA)
Koha item type Books
Holdings
Withdrawn status Lost status Source of classification or shelving scheme Damaged status Not for loan Home library Current library Date acquired Source of acquisition Cost, normal purchase price Total Checkouts Full call number Barcode Date last seen Price effective from Koha item type
    Dewey Decimal Classification     Chaudhary Ranbir Singh University Chaudhary Ranbir Singh University 16.02.2023 Indica Pub. & Dist. 1100.00   371.9 REE 29236 24.02.2023 24.02.2023 Books
    Dewey Decimal Classification     Chaudhary Ranbir Singh University Chaudhary Ranbir Singh University 16.02.2023 Indica Pub. & Dist. 1100.00   371.9 REE 29237 24.02.2023 24.02.2023 Books
    Dewey Decimal Classification     Chaudhary Ranbir Singh University Chaudhary Ranbir Singh University 18.04.2023 Nirmal Book Agency 1100.00   371.9 REE 32624 23.06.2023 23.06.2023 Books
    Dewey Decimal Classification     Chaudhary Ranbir Singh University Chaudhary Ranbir Singh University 18.04.2023 Nirmal Book Agency 1100.00   371.9 REE 32625 06.07.2023 23.06.2023 Books


Copyright © 2025 CRSU. All Rights Reserved.